[Event "Asia-ch U20 Girls"]
[Site "Ulaanbaatar"]
[Date "2018.08.25"]
[Round "9"]
[White "Priyamvada, Karamcheti"]
[Black "Udval, Enkhsaikhan"]
[Result "1/2-1/2"]
[WhiteElo "1850"]
[BlackElo "1599"]
[PlyCount "132"]
[EventDate "2018.08.19"]
[EventType "swiss"]
[EventRounds "9"]
[EventCountry "MGL"]
[SourceTitle "CBM 186 Extra"]
[Source "ChessBase"]
[SourceDate "2018.08.24"]
[SourceVersion "1"]
[SourceVersionDate "2018.08.24"]
[SourceQuality "1"]

1. d4 d5 2. c4 c6 3. Nc3 Nf6 4. e3 e6 5. Nf3 Nbd7 6. Bd3 dxc4 7. Bxc4 b5 8. Bd3 Bb7 9. e4 b4 10. Na4 c5 11. e5 Nd5 12. 0-0 cxd4 13. Re1 g6 14. Bg5 Qa5 15. Bd2 Rc8 16. Nxd4 a6 17. a3 Qd8 18. axb4 Nxb4 19. Bc3 Nxd3 20. Qxd3 Nb6 21. Nxb6 Qxb6 22. Ba5 Qc5 23. Qb3 Qd5 24. Qa4+ Qd7 25. Qxd7+ Kxd7 26. Red1 Bd5 27. Bc3 Ra8 28. Ne2 Bh6 29. Nd4 Rhb8 30. Nc2 a5 31. g3 Kc6 32. Ra4 Bg5 33. h4 Bd8 34. Rf4 Ra7 35. Ne3 Rb5 36. Nxd5 Rxd5 37. Rxd5 exd5 38. Kf1 Kb5 39. Ke2 Rd7 40. Kd3 Bb6 41. h5 gxh5 42. Rh4 Bxf2 43. Rxh5 Bxg3 44. Rxh7 Kc6 45. Bd4 Bf4 46. Rh4 Bg5 47. Rh5 Bd8 48. Rh6+ Kb5 49. Rh7 Re7 50. Rh8 Bc7 51. Rh6 Re6 52. Rh5 a4 53. Rf5 Re7 54. Kc3 Bd8 55. Kd3 Rd7 56. Rh5 Kb4 57. Bc3+ Kb3 58. Bd4 Kb4 59. Bc3+ Kc5 60. Bd4+ Kb5 61. Rh7 Re7 62. Rh5 Bc7 63. Rf5 Bd8 64. Rh5 Re8 65. Rf5 Re7 66. Rh5 Rd7 1/2-1/2

[Event "Asia-ch U20 Girls"]
[Site "Ulaanbaatar"]
[Date "2018.08.23"]
[Round "6"]
[White "Udval, Enkhsaikhan"]
[Black "Munkhzul, Davaakhuu"]
[Result "1/2-1/2"]
[WhiteElo "1599"]
[BlackElo "1823"]
[PlyCount "101"]
[EventDate "2018.08.19"]
[EventType "swiss"]
[EventRounds "9"]
[EventCountry "MGL"]
[SourceTitle "CBM 186 Extra"]
[Source "ChessBase"]
[SourceDate "2018.08.24"]
[SourceVersion "1"]
[SourceVersionDate "2018.08.24"]
[SourceQuality "1"]

1. d4 d5 2. Nf3 Nf6 3. Bg5 e6 4. e3 Be7 5. Bd3 Nbd7 6. Nbd2 0-0 7. 0-0 c6 8. Ne5 Nxe5 9. dxe5 Nd7 10. Bxe7 Qxe7 11. f4 c5 12. c3 b6 13. Rf3 f5 14. Rh3 g6 15. Nf3 Rf7 16. Ng5 Rg7 17. Nf3 Bb7 18. Qe1 Rd8 19. Rd1 a6 20. Qh4 Qxh4 21. Rxh4 b5 22. Rh3 Nf8 23. Bc2 Rgd7 24. Bb3 Bc6 25. Rc1 a5 26. a3 a4 27. Ba2 Kg7 28. Rg3 Kf7 29. Rh3 Ke8 30. Ng5 Re7 31. Rd1 Rdd7 32. Rd2 Kd8 33. Kf2 Kc7 34. Ke1 Kb6 35. Kf2 Bb7 36. Nf3 Re8 37. Ng5 Red8 38. Ke2 h5 39. Rg3 Ba6 40. Ke1 Bb7 41. Ke2 Bc6 42. Rd1 c4 43. Nf3 Re7 44. Nd4 Be8 45. h4 Nd7 46. Bb1 Nc5 47. Bc2 Nb3 48. Rf3 Nxd4+ 49. exd4 Kc6 50. Ke3 Bf7 51. g3 1/2-1/2

[Event "Asia-ch U20 Girls"]
[Site "Ulaanbaatar"]
[Date "2018.08.20"]
[Round "2"]
[White "Udval, Enkhsaikhan"]
[Black "Anandpara, Jayendra Saloni"]
[Result "1-0"]
[WhiteElo "1599"]
[BlackElo "1346"]
[PlyCount "111"]
[EventDate "2018.08.19"]
[EventType "swiss"]
[EventRounds "9"]
[EventCountry "MGL"]
[SourceTitle "CBM 186 Extra"]
[Source "ChessBase"]
[SourceDate "2018.08.24"]
[SourceVersion "1"]
[SourceVersionDate "2018.08.24"]
[SourceQuality "1"]

1. d4 d5 2. Nf3 Nf6 3. c3 g6 4. Bf4 Bg7 5. Nbd2 0-0 6. e3 b6 7. Bd3 Bb7 8. 0-0 Nbd7 9. Ne5 Nh5 10. Nxd7 Qxd7 11. Nf3 Nxf4 12. exf4 f6 13. Re1 c5 14. Qe2 Rfe8 15. Qe6+ Qxe6 16. Rxe6 Bc8 17. Rc6 c4 18. Bc2 Bf8 19. Re1 Rd8 20. b3 Bd7 21. Rc7 e6 22. bxc4 Bd6 23. Rxd7 Rxd7 24. Rxe6 dxc4 25. Ba4 Rdd8 26. Rxf6 Kg7 27. Re6 Bxf4 28. Re7+ Kg8 29. Bb5 Kh8 30. g3 Bd6 31. Re6 Kg7 32. Ng5 Ba3 33. Re4 Rd5 34. Ne6+ Kf6 35. Bxc4 Rd6 36. Rf4+ Ke7 37. Ng5 Rf6 38. Re4+ Kd6 39. Nxh7 Rf3 40. Re6+ Kc7 41. Bd5 Rh8 42. Bxf3 Rxh7 43. Rxg6 Bb2 44. h4 Bxc3 45. Rc6+ Kd7 46. Rxc3 Kd6 47. Rc6+ Kd7 48. Rg6 Ke7 49. h5 b5 50. h6 Kf8 51. d5 a5 52. Ra6 a4 53. Ra8+ Kf7 54. Ra7+ Kg6 55. Rxh7 Kxh7 56. d6 1-0